000 00417 a2200157 4500
005 20250626133438.0
020 _a978-1-119-70306-8
082 _a658.1 KAP
100 _aKAPLAN, M
245 _aPatterns of Entrepreneurship Management
250 _a6th Ed.
260 _aHoboken
_bJohn & Wiley Sons, Inc.
_c2020.
300 _axxix, 318p. : ill. ; figures
_bIndex
_c25cm
700 _aJack McGourty
942 _2ddc
_cBKS
999 _c5360
_d5360